000 00285nam a22001337a 4500
008 170911b xxu||||| |||| 00| 0 eng d
020 _a97803123551
041 _aeng
080 _a52
100 _a42
101 _aAST
245 _aTHE SUICIDAL PLANET
_cHILLMAN,M
942 _2udc
_cBK
999 _c27042
_d27042